Γιατί αλλάζει η γλώσσα : πρόοδος ή παρακμή;

Αποθηκεύτηκε σε:
Λεπτομέρειες βιβλιογραφικής εγγραφής
Κύριος συγγραφέας: Aitchison, Jean, 1938-
Άλλοι συγγραφείς: Βέργης, Νίκος (Μεταφραστής), Μαρτζούκου, Ελένη (edtf)
Μορφή: Βιβλίο
Γλώσσα:Greek
English
Δημοσίευση: [Αθήνα] : Πατάκης, 2006.
Σειρά:Θεωρητικές επιστήμες. Γλωσσολογία.
Θέματα:
Ετικέτες: Προσθήκη ετικέτας
Δεν υπάρχουν, Καταχωρήστε ετικέτα πρώτοι!

MARC

LEADER 00000cam a2200000 i 4500
001 1/98650
008 081202s2006 gr | ||| |||| ||gre||
020 |a 9601617701 
035 |l 10102170 
040 |a GR-MyUA  |b gre  |e AACR2 
041 1 |a gre  |h eng 
082 0 |a 417.7 
100 1 |a Aitchison, Jean,   |d 1938- 
245 1 0 |a Γιατί αλλάζει η γλώσσα :   |b πρόοδος ή παρακμή; /   |c Jean Aitchison ; μετάφραση Νίκος Βέργης ; επιμέλεια Ελένη Μαρτζούκου.  
260 |a [Αθήνα] :   |b Πατάκης,   |c 2006.  
300 |a 423 σ. :   |b εικ., πίν., σχέδια ;   |c 21 εκ.  
490 1 |a (Θεωρητικές επιστήμες / Γλωσσολογία)  
504 |a Βιβλιογραφία: σ. [385]-412. Ευρετήριο.  
650 0 0 |a Linguistic change. 
700 1 |a Βέργης, Νίκος,  |e trl 
700 1 |a Μαρτζούκου, Ελένη,  |e edtf 
765 0 8 |i Μετάφραση του:   |t Language change :  
830 0 |a Θεωρητικές επιστήμες.   |p Γλωσσολογία. 
852 |a INST  |b LESVOS  |e 20081202  |h 417.7 AIT  |p 005100043609  |q 005100043609  |t BK  |y 0 
901 |a BIBL1-2008-3 
909 |a Λ  |b 157461 
970 |a Καρά  |b Γιασεμή  |z 2008/12/02